Fluvial (River) Landforms Map Quiz - Statistics

General Stats
  • This quiz has been taken 50 times
  • The average score is 6 of 14
Answers on the Map
Answers color-coded by a green-red scale on the quiz's map according to % correct below.
 
Answer Stats
Answer % Correct
Floodplain
80%
Meandering Stream
73%
Oxbow Lake
73%
Bedrock
70%
Backswamp
57%
Bluffs
43%
Alluvial Deposits
40%
Meander Scars
40%
Yazoo Stream
33%
Undercut Bank
30%
Thalweg
27%
Cutoff
20%
Active Point Bar
13%
Inactive Point Bar
7%
No matching quizzes found
Score Distribution
Percent of People with Each Score
Percentile by Number Answered
Your Score History
You have not taken this quiz